000 01103nac a22003857a 4500
001 BR0404083
003 BR-BrBNA
005 20240105123040.0
008 230509b bl.|||m| |||| 00| 0 por d
040 _aBR-BrBNA
_bpor
_cBiblioteca Nacional de Agricultura
072 _aL53
090 _a5213 BR0404083
100 1 _aSereno, JRB.
100 1 _aPellegrin, A.O.
100 1 _aLara, M.A. C.
100 1 _aAbreu, U.G.P. de
100 1 _aSereno, F.T.P. de S.
100 1 _aChalita, L.V. de A.S.
110 1 _aEMBRAPA Pantanal, Corumbá, MS (Brasil)
_93692
245 1 _aIdade e peso à primeira monta de novilhas no Pantanal
260 3 _aCorumbá, MS (Brasil):
_c2002.
300 _a3 p.
490 _aComunicado Técnico - EMBRAPA Pantanal (Brazil)
_vno. 26
_xISSN 1517-4875
650 _aNOVILHO
650 _aACASALAMENTO
650 _aPRENHEZ
650 _aIDADE
650 _aPESO
650 _aPASTAGEM NATIVA
650 _aRAÇA
650 _aMÉTODO ESTATÍSTICO
650 _aPANTANAL
909 _a202312
_bLúcia Elande
_c55
_dLúcia Elande
942 _2AGRIS
_n0
_cMS
999 _c293780
_d293780